| 000 | 00797nam a22002417a 4500 | ||
|---|---|---|---|
| 005 | 20260520091406.0 | ||
| 008 | 260520b |||||||| |||| 00| 0 eng d | ||
| 017 | _aLD.8270 | ||
| 018 | _a2025 | ||
| 020 | _a9789786971766 | ||
| 040 |
_aNLN _bEnglish _eAACR2 |
||
| 050 |
_aDT515.83.A819 _bA3 |
||
| 082 | _a923.2669 | ||
| 100 |
_aASHAFA, Bareehu G. _eaut _970562 |
||
| 245 |
_aTruly distinguished : _ba life of service to God, country and humanity / _cGbenga Bareehu Ashafa |
||
| 260 |
_aIkoyi, Lagos (36 Turnbull Road/Onikoyi Lane Parkview) : _bAvalon, _c2025 |
||
| 300 |
_axv, 395p. : _bill. (some col.), ports ; 22cm |
||
| 563 | _a(hbk) | ||
| 650 |
_aAshafa, Bareehu Gbenga, 1955- _970563 |
||
| 650 |
_aPoliticians _vNigeria _xBiography _96478 |
||
| 650 |
_aReminiscing _9135 |
||
| 942 |
_cBK _n0 |
||
| 999 |
_c34650 _d34650 |
||